000 00501nam a2200253Ia 4500
001 072946
003 YMCAF
005 20230512160821.0
008 100717s1996 ||||||||||||||||| ||und|d
020 _a-
024 _a72946
035 _a12409
040 _aYMCAF
_beng
_cIN-KoLT
041 _aeng
082 _aREF-STO5P
100 _aSTOECKER .F
245 0 _aREF AND AIR COND
250 _a-
260 _bTMH
_c1996
300 _a443
653 _a-
653 _a-
942 _2ddc
_cBK
999 _c6575
_d6575